000 00462nam a2200193Ia 4500
005 20250423100450.0
008 250422s9999 xx 000 0 und d
020 _a0-312-40431-X
050 _aPE 1417 .P36/
100 _aLaurie G. Kirszner
245 0 _aPatterns for college writing
250 _aNinth Edition
260 _aBoston
260 _bBedford/St. Martin's
260 _c2004
300 _a763 p
650 _aEnglish Language
942 _cBK
999 _c33391
_d33391